000 00481nam a2200169Ia 4500
999 _c24357
_d24357
003 OSt
005 20201224122146.0
008 190216s9999||||xx |||||||||||||| ||und||
040 _coclc
082 _a910
_bPOT/I
100 _aPottekkat, S K
_92068
245 0 _aInnathe Europe /
_cS K Pottekat
260 _bSahithya Pravarthaka Sahakarana Sangam,
_aKottayam:
300 _a262p
650 _aYathravivaranam
942 _cBK
_2ddc
_h910
_iPOT/I
_k910
_mPOT/I